| 000 | 00683nam a22001577a 4500 | ||
|---|---|---|---|
| 008 | 120110t xxu||||| |||| 00| 0 eng d | ||
| 082 | _a341.4805/COM | ||
| 100 |
_aByrne Iain _cCommonwealth Human Rights Law Digest.-6CHRLD1-142,Vol.6,No.1 Aug2002 _96408 |
||
| 110 |
_aCommonwealth _96409 |
||
| 245 |
_aCommonwealth human rights law digest.-6CHLD1-142,Vol.6,No.1,Autumn2007 _cByrne Iain |
||
| 260 |
_aunitedkingdom _binterights |
||
| 300 | _aXX,1-142P. | ||
| 700 |
_aByrne Iain _cCommonwealth human rights law digest.-6CHRLD1-142, Vol.6 ,No.1Autumn2007 _96410 |
||
| 942 |
_2ddc _cPER |
||
| 999 |
_c5017 _d5017 |
||